LEADER 00508naa a2200157 i 4500 001 000000320348 003 CaOOAMICUS 005 20180831173325.0 008 180831n it u000 u ita u 013 $a30453 040 $aSeMil$bita 245 10$aGesł Cristo. 650 4$aCristologia - Saggi.$0(OLS)http://semarc/subject/4361 650 4$aGesł Cristo - Teologia.$0(OLS)http://semarc/subject/8299 773 0 $t1.$kMultiformis sapientia$gp.775-808$w()181912 996 $6245$aGesł Cristo$9(OLS)http://semarc/title/74390 LEADER 01168nas a2200325 i 4500 001 000000239079 003 CaOOAMICUS 005 20190703122525.0 008 150219b1963 it uu u0 0ita r 013 $a217984 040 $aSeMil$bita 245 10$a1962-1963 : settembre-maggio. 260 $aTorino :$bScuola Grafica Salesiana,$c1963. 300 $a1 v. (paginazioni varie). ;$c22 cm. 500 $aVolume incompleto. 773 0 $tCatechesi.$dTorino : SEI, 1932.$x0391-5433$w()2088 774 0 $t[SENZA TITOLO].$w()284428 774 0 $t[SENZA TITOLO].$w()284429 774 0 $t[SENZA TITOLO].$w()284430 774 0 $t[SENZA TITOLO].$w()284431 774 0 $t[SENZA TITOLO].$w()284432 774 0 $t[SENZA TITOLO].$w()284433 774 0 $t[SENZA TITOLO].$w()284434 774 0 $t[SENZA TITOLO].$w()284435 774 0 $t[SENZA TITOLO].$w()284436 850 $aSeMil 852 $aSeMil$W1$xVenegono$y1$m241 1 31/2$j189425$B189425$CSeMilBibl$Z2$F200232 $85 996 $6245$a1962-1963 : settembre-maggio$9(OLS)http://semarc/title/340464 996 $6260$aTorino :$bScuola Grafica Salesiana$9(OLS)http://semarc/publisher/52999